000 00404nam a22001577a 4500
999 _c7901
_d7901
003 OSt
005 20190319120535.0
008 190319b ||||| |||| 00| 0 eng d
040 _cDLC
082 _a306.81
_bS463c
100 _aSekhar, Abraham and Sheila
245 _aChoosing Your Life Partner
260 _aBombay:
_bAbraham Sekhar Publications:
_cc. 1990
300 _a59 p.;
_c20 cm
942 _2ddc
_cBK